[Event "47th GRE-chT 2019"]
[Site "Patra"]
[Date "2019.07.05"]
[Round "6.40"]
[White "Dogias, Christos"]
[Black "Ximinis, Ioannis"]
[Result "1-0"]
[WhiteElo "1409"]
[BlackElo "1156"]
[Annotator "NA"]
[PlyCount "111"]
[EventDate "2019.07.02"]
[EventCountry "GRE"]
[SourceTitle "playchess.com"]
[Source "ChessBase"]
[SourceQuality "1"]
[TimeControl "5400+30"]

1. e4 {[%emt 0:00:00]} e6 {[%emt 0:00:00]} 2. d4 {[%emt 0:00:00]} d5 {[%emt 0:00:00]} 3. e5 {[%emt 0:00:03]} c5 {[%emt 0:00:00]} 4. c3 {[%emt 0:00:09]} Qb6 {[%emt 0:00:07]} 5. Nf3 {[%emt 0:00:25]} Nc6 {[%emt 0:00:06]} 6. a3 {[%emt 0:00:51]} c4 {[%emt 0:00:08]} 7. Be2 {[%emt 0:01:06]} Nge7 {[%emt 0:00:13]} 8. O-O {[%emt 0:00:32]} Bd7 {[%emt 0:00:18]} 9. Nbd2 {[%emt 0:01:11]} Na5 {[%emt 0:00:41]} 10. Rb1 {[%emt 0:00:21]} Nc8 {[%emt 0:01:55]} 11. Ne1 {[%emt 0:05:58]} Qc7 {[%emt 0:00:38]} 12. f4 {[%emt 0:00:16]} Nb6 {[%emt 0:00:13]} 13. Nc2 {[%emt 0:00:46]} Ba4 {[%emt 0:01:15]} 14. Nf3 {[%emt 0:00:48]} O-O-O {[%emt 0:01:47]} 15. Be3 {[%emt 0:00:18]} Be7 {[%emt 0:03:14]} 16. Nd2 {[%emt 0:01:08]} Kb8 {[%emt 0:02:41]} 17. Qc1 {[%emt 0:00:04]} Rc8 {[%emt 0:00:30]} 18. Ne1 {[%emt 0:00:09]} Nb3 {[%emt 0:02:22]} 19. Nxb3 {[%emt 0:00:10]} Bxb3 {[%emt 0:00:04]} 20. Nf3 {[%emt 0:00:17]} Ka8 {[%emt 0:01:54]} 21. Ng5 {[%emt 0:01:53]} Bxg5 {[%emt 0:01:13]} 22. fxg5 {[%emt 0:00:17]} h6 {[%emt 0:00:19]} 23. gxh6 {[%emt 0:00:06]} gxh6 {[%emt 0:00:02]} 24. Qd2 {[%emt 0:00:28]} h5 {[%emt 0:02:13]} 25. Rf2 {[%emt 0:00:18]} Rcg8 {[%emt 0:00:16]} 26. Rbf1 {[%emt 0:00:11]} Rh7 {[%emt 0:00:57]} 27. Kh1 {[%emt 0:00:38]} Ba4 {[%emt 0:03:41]} 28. Bg5 {[%emt 0:03:37]} Be8 {[%emt 0:09:38]} 29. Bf6 {[%emt 0:00:09]} Nd7 {[%emt 0:00:26]} 30. Bd1 {[%emt 0:00:11]} Nxf6 {[%emt 0:00:27]} 31. Rxf6 {[%emt 0:00:08]} Qb6 {[%emt 0:13:31]} 32. R1f4 {[%emt 0:01:43]} Rhg7 {[%emt 0:08:54]} 33. g3 {[%emt 0:00:10]} Rg5 {[%emt 0:00:08]} 34. Rh6 {[%emt 0:00:26]} Qd8 {[%emt 0:02:48]} 35. Qf2 {[%emt 0:01:37]} R5g6 {[%emt 0:13:46]} 36. Rxh5 {[%emt 0:00:20]} Rf8 {[%emt 0:00:07]} 37. Rf6 {[%emt 0:00:26]} Qe7 {[%emt 0:01:20]} 38. Rh6 {[%emt 0:00:19]} Rxh6 {[%emt 0:00:45]} 39. Rxh6 {[%emt 0:00:28]} Qg5 {[%emt 0:00:48]} 40. Qf4 {[%emt 0:00:00]} Qg8 {[%emt 0:00:00]} 41. Qf6 {[%emt 0:00:00]} a6 {[%emt 0:00:00]} 42. Kg2 {[%emt 0:00:00]} Ka7 {[%emt 0:00:00]} 43. h3 {[%emt 0:00:00]} Bc6 {[%emt 0:00:00]} 44. Bc2 {[%emt 0:00:00]} Rb8 {[%emt 0:00:00]} 45. Rh7 {[%emt 0:00:00]} Be8 {[%emt 0:00:00]} 46. Qg7 {[%emt 0:00:00]} Qxg7 {[%emt 0:00:00]} 47. Rxg7 {[%emt 0:00:00]} b5 {[%emt 0:00:00]} 48. h4 {[%emt 0:00:00]} Rb7 {[%emt 0:00:00]} 49. h5 {[%emt 0:00:00]} f5 {[%emt 0:00:00]} 50. exf6 {[%emt 0:00:00]} Bxh5 {[%emt 0:00:00]} 51. Rxb7+ {[%emt 0:00:00]} Kxb7 {[%emt 0:00:00]} 52. g4 {[%emt 0:00:00]} Bf7 {[%emt 0:00:00]} 53. g5 {[%emt 0:00:00]} Kc7 {[%emt 0:00:00]} 54. g6 {[%emt 0:00:00]} Bg8 {[%emt 0:00:00]} 55. f7 {[%emt 0:00:00]} Bxf7 {[%emt 0:00:00]} 56. gxf7 {[%emt 0:00:00]} 1-0

[Event "47th GRE-chT 2019"]
[Site "Patra"]
[Date "2019.07.06"]
[Round "7.1"]
[White "Cheparinov, Ivan"]
[Black "Mastrovasilis, Dimitrios"]
[Result "1/2-1/2"]
[WhiteElo "2666"]
[BlackElo "2589"]
[Annotator "TA"]
[PlyCount "60"]
[EventDate "2019.07.02"]
[EventCountry "GRE"]
[SourceTitle "playchess.com"]
[Source "ChessBase"]
[SourceQuality "1"]

{[%evp 18,60,24,23,21,12,15,0,20,17,28,30,30,25,41,35,47,53,87,57,69,75,80,65,60,71,75,31,33,15,22,19,19,22,18,8,16,16,18,18,13,20,14,12,8]} 1. d4 d5 2. Nf3 Nf6 3. c4 e6 4. g3 Be7 5. Bg2 O-O 6. Nc3 c6 7. O-O b6 8. b3 Nbd7 9. Qd3 Bb7 10. Bb2 a5 $146 {E07: Closed Catalan: Main Line (5 Nf3 0-0 6 0-0 Nbd7)} ({Predecessor:} 10... Rc8 11. Rac1 c5 12. cxd5 Nxd5 13. Nxd5 Bxd5 14. Rfd1 cxd4 15. Nxd4 Rxc1 16. Rxc1 Nc5 17. Qe3 Bxg2 18. Kxg2 {1-0 (45) Oparin,G (2613)-Tang,A (2487) St Petersburg 2018}) 11. a4 Bb4 12. Nd2 Re8 13. e4 dxc4 14. Nxc4 b5 15. Ne3 bxa4 16. Nxa4 Ba6 17. Nc4 e5 18. Rfd1 {[%cal Rd4e5]} exd4 19. Qxd4 {[#] Black must now prevent e5.} Nf8 20. e5 Qxd4 $1 21. Bxd4 Nd5 22. Nab6 Nxb6 23. Nxb6 Rad8 {[#] Threatens to win with ...Be2.The position is equal.} 24. Bxc6 Re6 25. Bd5 $36 {[%mdl 2048] White fights for an advantage.} Be2 26. Re1 Bxe1 27. Rxe1 Rxb6 28. Bxb6 Rxd5 29. Rxe2 Rb5 30. Be3 Rxe5 {Accuracy: White = 46%, Black = 65%.} 1/2-1/2

[Event "47th GRE-chT 2019"]
[Site "Patra"]
[Date "2019.07.06"]
[Round "7.1"]
[White "Nedev, Trajko"]
[Black "Vallejo Pons, Francisco"]
[Result "1/2-1/2"]
[WhiteElo "2495"]
[BlackElo "2687"]
[Annotator "TA"]
[PlyCount "60"]
[EventDate "2019.07.02"]
[EventCountry "GRE"]
[SourceTitle "playchess.com"]
[Source "ChessBase"]
[SourceQuality "1"]

{[%evp 22,60,12,13,18,2,12,10,7,21,30,23,22,-29,-34,-14,-31,-35,-29,-35,22,-41,-36,-20,88,79,112,70,75,66,91,58,104,93,85,83,90,51,98,85,58]} 1. e4 c5 2. Nf3 d6 3. d4 cxd4 4. Nxd4 Nf6 5. Nc3 Nc6 6. Bg5 e6 7. Qd2 a6 8. O-O-O Bd7 9. f3 b5 10. Nxc6 Bxc6 11. Ne2 h6 12. Be3 Qc7 {B66: Sicilian: Richter-Rauzer: 7...a6 8 0-0-0 h6} 13. Nd4 Bd7 14. g4 Rd8 $146 {The position is equal.} ({Predecessor:} 14... Rc8 15. Kb1 g6 16. c3 e5 17. Nc2 Be6 18. h4 d5 19. g5 Nh5 20. exd5 {½-½ (41) Pheby,I (2621)-Zarate,J (2476) ICCF email 2005}) 15. Nb3 e5 16. Qf2 Rb8 17. h4 (17. Bd2 $142) 17... a5 $11 18. Kb1 a4 19. Nc1 a3 20. bxa3 Ra8 (20... Be6 $15) 21. Rd3 (21. Rg1 $11) 21... d5 $15 22. exd5 e4 (22... Bxa3 $11 {remains equal.} 23. Qd2 Bd6) 23. Bb6 $16 Qb8 24. fxe4 {Hoping for Bh3.} Nxg4 {[#]} 25. Qg1 $1 {Strongly threatening d6.} Bd6 26. Rb3 {Black must now prevent Bd4.} h5 27. Nd3 O-O 28. Bd4 Rc8 29. Be2 Ra4 30. Bxg4 Bxg4 {Accuracy: White = 57%, Black = 50%.} 1/2-1/2

[Event "47th GRE-chT 2019"]
[Site "Patra"]
[Date "2019.07.06"]
[Round "7.2"]
[White "Martinovic, Sasa"]
[Black "Galopoulos, Nikolaos"]
[Result "1/2-1/2"]
[WhiteElo "2560"]
[BlackElo "2361"]
[Annotator "ChessBase"]
[PlyCount "74"]
[EventDate "2019.07.02"]
[EventCountry "GRE"]
[SourceTitle "playchess.com"]
[Source "ChessBase"]
[SourceQuality "1"]
[TimeControl "5400+30"]

1. d4 {[%emt 0:00:00]} Nf6 {[%emt 0:00:37]} 2. c4 {[%emt 0:00:00]} e6 {[%emt 0:00:04]} 3. Nc3 {[%emt 0:00:00]} d5 {[%emt 0:00:02]} 4. cxd5 {[%emt 0:00:00]} exd5 {[%emt 0:00:04]} 5. Bg5 {[%emt 0:00:00]} c6 {[%emt 0:00:08]} 6. e3 {[%emt 0:00:07]} Be7 {[%emt 0:00:07]} 7. Bd3 {[%emt 0:01:03]} Nbd7 {[%emt 0:02:00]} 8. Nge2 {[%emt 0:01:34]} Nh5 {[%emt 0:02:36]} 9. Bxe7 {[%emt 0:00:14]} Qxe7 {[%emt 0:00:02]} 10. g4 {[%emt 0:07:54]} Nhf6 {[%emt 0:00:30]} 11. Ng3 {[%emt 0:00:09]} Nb6 {[%emt 0:02:33]} 12. g5 {[%emt 0:03:22]} Ng8 {[%emt 0:00:08]} 13. h4 {[%emt 0:00:53]} g6 {[%emt 0:00:16]} 14. Qf3 {[%emt 0:10:19]} h6 {[%emt 0:03:42]} 15. gxh6 {[%emt 0:06:49]} Nxh6 {[%emt 0:03:06]} 16. Qf4 {[%emt 0:01:26]} Be6 {[%emt 0:01:05]} 17. O-O-O {[%emt 0:09:21]} O-O-O {[%emt 0:00:47]} 18. Rdg1 {[%emt 0:00:31]} Rdg8 {[%emt 0:06:29]} 19. f3 {[%emt 0:05:34]} f6 {[%emt 0:19:14]} 20. e4 {[%emt 0:00:23]} Nf7 {[%emt 0:00:49]} 21. Nge2 {[%emt 0:07:55]} Nd6 {[%emt 0:06:27]} 22. Kb1 {[%emt 0:04:36]} g5 {[%emt 0:02:26]} 23. hxg5 {[%emt 0:00:21]} Rxh1 {[%emt 0:00:01]} 24. Rxh1 {[%emt 0:00:05]} fxg5 {[%emt 0:00:08]} 25. Qc1 {[%emt 0:09:23]} Rf8 {[%emt 0:04:05]} 26. e5 {[%emt 0:03:08]} Bf5 {[%emt 0:01:37]} 27. Bxf5+ {[%emt 0:05:10]} Nxf5 {[%emt 0:00:03]} 28. Rg1 {[%emt 0:00:07]} Nh4 {[%emt 0:03:59]} 29. Qxg5 {[%emt 0:00:43]} Qxg5 {[%emt 0:01:46]} 30. Rxg5 {[%emt 0:00:04]} Nxf3 {[%emt 0:00:05]} 31. Rg7 {[%emt 0:00:50]} Nc4 {[%emt 0:00:28]} 32. b3 {[%emt 0:07:14]} Ne3 {[%emt 0:01:29]} 33. e6 {[%emt 0:07:41]} Re8 {[%emt 0:02:15]} 34. Rg3 {[%emt 0:01:32]} Nf1 {[%emt 0:00:27]} 35. Rg6 {[%emt 0:00:13]} Ne3 {[%emt 0:00:58]} 36. Rg3 {[%emt 0:01:41]} Nf1 {[%emt 0:00:06]} 37. Rg6 {[%emt 0:00:04]} Ne3 {[%emt 0:00:02]} 1/2-1/2

[Event "47th GRE-chT 2019"]
[Site "Patra"]
[Date "2019.07.06"]
[Round "7.2"]
[White "Mastrovasilis, Athanasios"]
[Black "Safarli, Eltaj"]
[Result "1/2-1/2"]
[WhiteElo "2518"]
[BlackElo "2608"]
[Annotator "RC"]
[PlyCount "61"]
[EventDate "2019.07.02"]
[EventCountry "GRE"]
[SourceTitle "playchess.com"]
[Source "ChessBase"]
[SourceQuality "1"]
[TimeControl "5400+30"]

1. d4 {[%emt 0:00:00]} Nf6 {[%emt 0:01:59]} 2. c4 {[%emt 0:00:04]} g6 {[%emt 0:00:06]} 3. Nc3 {[%emt 0:00:04]} d5 {[%emt 0:00:13]} 4. cxd5 {[%emt 0:00:03]} Nxd5 {[%emt 0:00:08]} 5. e4 {[%emt 0:00:05]} Nxc3 {[%emt 0:00:03]} 6. bxc3 {[%emt 0:00:05]} Bg7 {[%emt 0:00:17]} 7. Nf3 {[%emt 0:00:28]} c5 {[%emt 0:00:40]} 8. Bb5+ {[%emt 0:03:09]} Nc6 {[%emt 0:01:27]} 9. O-O {[%emt 0:02:31]} O-O {[%emt 0:01:24]} 10. Ba3 {[%emt 0:04:23]} cxd4 {[%emt 0:00:53]} 11. Bxc6 {[%emt 0:00:03]} bxc6 {[%emt 0:00:06]} 12. cxd4 {[%emt 0:01:04]} Bg4 {[%emt 0:00:26]} 13. Bc5 {[%emt 0:04:44]} Re8 {[%emt 0:01:46]} 14. Rb1 {[%emt 0:11:30]} Qd7 {[%emt 0:04:14]} 15. Rb4 {[%emt 0:06:11]} a5 {[%emt 0:01:36]} 16. Ra4 {[%emt 0:08:34]} Qb7 {[%emt 0:24:37]} 17. Qb1 {[%emt 0:08:34]} Qb5 {[%emt 0:00:33]} 18. Ra3 {[%emt 0:05:39]} Rad8 {[%emt 0:20:49]} 19. Qxb5 {[%emt 0:00:09]} cxb5 {[%emt 0:00:12]} 20. Rxa5 {[%emt 0:00:05]} Bxf3 {[%emt 0:00:07]} 21. gxf3 {[%emt 0:00:05]} Bxd4 {[%emt 0:00:39]} 22. Rxb5 {[%emt 0:00:06]} Bxc5 {[%emt 0:00:04]} 23. Rxc5 {[%emt 0:08:06]} Rd2 {[%emt 0:07:53]} 24. a4 {[%emt 0:02:28]} Rb8 {[%emt 0:02:21]} 25. Ra5 {[%emt 0:05:09]} Rbb2 {[%emt 0:02:32]} 26. Kg2 {[%emt 0:01:25]} Ra2 {[%emt 0:00:37]} 27. Ra7 {[%emt 0:00:42]} e6 {[%emt 0:01:08]} 28. a5 {[%emt 0:01:13]} Rdc2 {[%emt 0:01:08]} 29. a6 {[%emt 0:01:38]} Rc6 {[%emt 0:00:57]} 30. Rd1 {[%emt 0:00:34]} Rcxa6 {[%emt 0:00:08]} 31. Rxa6 {[%emt 0:00:35]} 1/2-1/2

[Event "47th GRE-chT 2019"]
[Site "Patra"]
[Date "2019.07.06"]
[Round "7.3"]
[White "Halkias, Stelios"]
[Black "Malikentzos, Sotirios"]
[Result "0-1"]
[WhiteElo "2553"]
[BlackElo "2428"]
[Annotator "ChessBase"]
[PlyCount "69"]
[EventDate "2019.07.02"]
[EventCountry "GRE"]
[SourceTitle "playchess.com"]
[Source "ChessBase"]
[SourceQuality "1"]
[TimeControl "5400+30"]

1. c4 {[%emt 0:08:24]} e6 {[%emt 0:00:00]} 2. Nc3 {[%emt 0:00:04]} d5 {[%emt 0:00:00]} 3. d4 {[%emt 0:00:06]} Nf6 {[%emt 0:00:01]} 4. Bg5 {[%emt 0:00:34]} Be7 {[%emt 0:00:13]} 5. e3 {[%emt 0:03:44]} O-O {[%emt 0:02:46]} 6. Rc1 {[%emt 0:01:50]} Nbd7 {[%emt 0:00:30]} 7. Nf3 {[%emt 0:03:09]} h6 {[%emt 0:03:41]} 8. Bh4 {[%emt 0:04:55]} c5 {[%emt 0:00:09]} 9. dxc5 {[%emt 0:08:52]} dxc4 {[%emt 0:00:13]} 10. c6 {[%emt 0:02:48]} bxc6 {[%emt 0:01:09]} 11. Bxc4 {[%emt 0:00:27]} Bb7 {[%emt 0:15:18]} 12. O-O {[%emt 0:00:50]} c5 {[%emt 0:02:03]} 13. Be2 {[%emt 0:02:12]} Ne4 {[%emt 0:06:40]} 14. Bxe7 {[%emt 0:06:51]} Qxe7 {[%emt 0:00:08]} 15. Nxe4 {[%emt 0:04:00]} Bxe4 {[%emt 0:00:07]} 16. Qa4 {[%emt 0:01:53]} Bd5 {[%emt 0:01:50]} 17. Qa5 {[%emt 0:06:18]} Qd8 {[%emt 0:08:54]} 18. Qa3 {[%emt 0:10:54]} Qb6 {[%emt 0:04:42]} 19. Rfd1 {[%emt 0:00:30]} Rfd8 {[%emt 0:01:59]} 20. Nd2 {[%emt 0:06:02]} a5 {[%emt 0:13:29]} 21. e4 {[%emt 0:02:28]} Bb7 {[%emt 0:01:08]} 22. Nc4 {[%emt 0:01:22]} Qb4 {[%emt 0:07:31]} 23. Qe3 {[%emt 0:02:06]} Ba6 {[%emt 0:00:16]} 24. a3 {[%emt 0:06:25]} Qb8 {[%emt 0:00:26]} 25. Rd2 {[%emt 0:04:21]} Qc7 {[%emt 0:06:50]} 26. f3 {[%emt 0:01:43]} Bxc4 {[%emt 0:04:35]} 27. Rxc4 {[%emt 0:00:27]} Rab8 {[%emt 0:01:39]} 28. g3 {[%emt 0:01:41]} Rb6 {[%emt 0:02:15]} 29. Qc3 {[%emt 0:02:37]} Ra8 {[%emt 0:02:59]} 30. Kf2 {[%emt 0:02:02]} Qb7 {[%emt 0:00:32]} 31. Ra4 {[%emt 0:02:59]} Rb8 {[%emt 0:05:13]} 32. Rxa5 {[%emt 0:02:37]} Rb3 {[%emt 0:00:12]} 33. Qc4 {[%emt 0:00:42]} Qc7 {[%emt 0:02:21]} 34. Qa4 {[%emt 0:00:33]} Ne5 {[%emt 0:02:48]} 35. Ra8 {[%emt 0:01:04]} 0-1

[Event "47th GRE-chT 2019"]
[Site "Patra"]
[Date "2019.07.06"]
[Round "7.3"]
[White "Giannoulakis, Lampros"]
[Black "Karousos-Theodorakis, Nikolaos"]
[Result "1/2-1/2"]
[WhiteElo "2305"]
[BlackElo "2304"]
[Annotator "NA"]
[PlyCount "59"]
[EventDate "2019.07.02"]
[EventCountry "GRE"]
[SourceTitle "playchess.com"]
[Source "ChessBase"]
[SourceQuality "1"]
[TimeControl "5400+30"]

1. d4 {[%emt 0:00:24]} Nf6 {[%emt 0:00:00]} 2. c4 {[%emt 0:00:05]} e6 {[%emt 0:00:00]} 3. Nc3 {[%emt 0:00:05]} Bb4 {[%emt 0:00:00]} 4. f3 {[%emt 0:00:25]} c5 {[%emt 0:00:21]} 5. a3 {[%emt 0:00:11]} Ba5 {[%emt 0:01:04]} 6. dxc5 {[%emt 0:00:16]} Bxc3+ {[%emt 0:00:56]} 7. bxc3 {[%emt 0:00:05]} Qa5 {[%emt 0:02:47]} 8. e4 {[%emt 0:00:15]} Na6 {[%emt 0:07:20]} 9. Be3 {[%emt 0:18:09]} Nxc5 {[%emt 0:02:57]} 10. Ne2 {[%emt 0:11:57]} O-O {[%emt 0:06:16]} 11. Qb1 {[%emt 0:20:16]} d6 {[%emt 0:08:17]} 12. Qb5 {[%emt 0:05:14]} Qc7 {[%emt 0:02:36]} 13. Nd4 {[%emt 0:00:21]} Bd7 {[%emt 0:05:13]} 14. Qb4 {[%emt 0:03:07]} a5 {[%emt 0:04:25]} 15. Qb2 {[%emt 0:00:11]} d5 {[%emt 0:03:06]} 16. Nb5 {[%emt 0:06:42]} Bxb5 {[%emt 0:00:22]} 17. Qxb5 {[%emt 0:00:23]} Rac8 {[%emt 0:00:28]} 18. Bxc5 {[%emt 0:01:53]} Qxc5 {[%emt 0:00:06]} 19. Qxc5 {[%emt 0:00:04]} Rxc5 {[%emt 0:00:08]} 20. Rb1 {[%emt 0:04:43]} Rb8 {[%emt 0:02:38]} 21. exd5 {[%emt 0:02:34]} exd5 {[%emt 0:00:08]} 22. Rb5 {[%emt 0:01:25]} b6 {[%emt 0:01:34]} 23. Kd2 {[%emt 0:09:30]} Kf8 {[%emt 0:18:18]} 24. Be2 {[%emt 0:03:30]} Rxb5 {[%emt 0:02:06]} 25. cxb5 {[%emt 0:00:10]} Ke7 {[%emt 0:00:46]} 26. c4 {[%emt 0:07:01]} Kd6 {[%emt 0:02:30]} 27. cxd5 {[%emt 0:00:35]} Rc8 {[%emt 0:00:05]} 28. Bd3 {[%emt 0:00:40]} Nxd5 {[%emt 0:03:56]} 29. Be4 {[%emt 0:00:51]} Rc5 {[%emt 0:00:21]} 30. a4 {[%emt 0:02:46]} 1/2-1/2

[Event "47th GRE-chT 2019"]
[Site "Patra"]
[Date "2019.07.06"]
[Round "7.4"]
[White "Kalogeris, Ioannis"]
[Black "Georgiadis, Ioannis"]
[Result "1/2-1/2"]
[WhiteElo "2376"]
[BlackElo "2476"]
[Annotator "ChessBase"]
[PlyCount "75"]
[EventDate "2019.07.02"]
[EventCountry "GRE"]
[SourceTitle "playchess.com"]
[Source "ChessBase"]
[SourceQuality "1"]
[TimeControl "5400+30"]

1. d4 {[%emt 0:00:10]} Nf6 {[%emt 0:04:36]} 2. Nf3 {[%emt 0:00:58]} e6 {[%emt 0:00:20]} 3. c4 {[%emt 0:01:45]} b6 {[%emt 0:00:21]} 4. a3 {[%emt 0:00:30]} Bb7 {[%emt 0:00:40]} 5. Nc3 {[%emt 0:02:12]} g6 {[%emt 0:01:24]} 6. Bg5 {[%emt 0:03:25]} h6 {[%emt 0:00:45]} 7. Bh4 {[%emt 0:03:25]} Bg7 {[%emt 0:08:38]} 8. d5 {[%emt 0:05:20]} exd5 {[%emt 0:01:33]} 9. cxd5 {[%emt 0:01:21]} O-O {[%emt 0:01:03]} 10. e3 {[%emt 0:02:21]} Re8 {[%emt 0:01:28]} 11. Rc1 {[%emt 0:17:19]} a6 {[%emt 0:09:50]} 12. Be2 {[%emt 0:08:29]} c5 {[%emt 0:09:07]} 13. dxc6 {[%emt 0:02:43]} dxc6 {[%emt 0:07:13]} 14. Qxd8 {[%emt 0:00:14]} Rxd8 {[%emt 0:11:28]} 15. Nd2 {[%emt 0:02:47]} c5 {[%emt 0:20:16]} 16. Bf3 {[%emt 0:01:05]} Bxf3 {[%emt 0:00:11]} 17. gxf3 {[%emt 0:01:41]} Nbd7 {[%emt 0:03:50]} 18. Rc2 {[%emt 0:02:10]} b5 {[%emt 0:02:34]} 19. b3 {[%emt 0:08:18]} b4 {[%emt 0:01:44]} 20. axb4 {[%emt 0:00:12]} cxb4 {[%emt 0:03:00]} 21. Bxf6 {[%emt 0:02:29]} Nxf6 {[%emt 0:00:27]} 22. Na4 {[%emt 0:02:39]} Nd5 {[%emt 0:01:43]} 23. Ke2 {[%emt 0:02:39]} Rab8 {[%emt 0:02:08]} 24. Ne4 {[%emt 0:04:14]} a5 {[%emt 0:00:44]} 25. Rd1 {[%emt 0:07:00]} Nc3+ {[%emt 0:00:44]} 26. Naxc3 {[%emt 0:00:13]} bxc3 {[%emt 0:01:52]} 27. Rxd8+ {[%emt 0:00:13]} Rxd8 {[%emt 0:02:29]} 28. Nxc3 {[%emt 0:00:26]} Rb8 {[%emt 0:01:46]} 29. Nd5 {[%emt 0:00:31]} Rxb3 {[%emt 0:00:48]} 30. Rc8+ {[%emt 0:00:28]} Kh7 {[%emt 0:01:00]} 31. Ra8 {[%emt 0:00:29]} Rb5 {[%emt 0:00:44]} 32. Nc7 {[%emt 0:03:50]} Rb2+ {[%emt 0:00:01]} 33. Kf1 {[%emt 0:02:15]} Be5 {[%emt 0:01:11]} 34. Ra7 {[%emt 0:01:41]} Kg8 {[%emt 0:00:18]} 35. Ra8+ {[%emt 0:00:13]} Kh7 {[%emt 0:00:01]} 36. Ra7 {[%emt 0:08:08]} Kg8 {[%emt 0:00:06]} 37. Ra8+ {[%emt 0:00:07]} Kh7 {[%emt 0:00:07]} 38. Ra7 {[%emt 0:00:36]} 1/2-1/2

[Event "47th GRE-chT 2019"]
[Site "Patra"]
[Date "2019.07.06"]
[Round "7.4"]
[White "Balokas, Dimitrios"]
[Black "Tsekmes, Dimitrios"]
[Result "1-0"]
[WhiteElo "2206"]
[BlackElo "2172"]
[Annotator "NA"]
[PlyCount "97"]
[EventDate "2019.07.02"]
[EventCountry "GRE"]
[SourceTitle "playchess.com"]
[Source "ChessBase"]
[SourceQuality "1"]
[TimeControl "5400+30"]

1. e4 {[%emt 0:01:36]} c5 {[%emt 0:02:19]} 2. Nf3 {[%emt 0:00:28]} Nc6 {[%emt 0:00:06]} 3. d4 {[%emt 0:00:12]} cxd4 {[%emt 0:00:18]} 4. Nxd4 {[%emt 0:00:08]} Qb6 {[%emt 0:01:09]} 5. Nb3 {[%emt 0:00:10]} Nf6 {[%emt 0:00:10]} 6. Nc3 {[%emt 0:00:08]} e6 {[%emt 0:00:43]} 7. Bd3 {[%emt 0:02:30]} d6 {[%emt 0:01:06]} 8. O-O {[%emt 0:01:00]} Be7 {[%emt 0:00:45]} 9. Be3 {[%emt 0:00:27]} Qc7 {[%emt 0:00:18]} 10. f4 {[%emt 0:01:40]} a6 {[%emt 0:02:30]} 11. Qf3 {[%emt 0:01:30]} e5 {[%emt 0:07:20]} 12. Nd5 {[%emt 0:01:59]} Nxd5 {[%emt 0:01:08]} 13. exd5 {[%emt 0:00:02]} Nb4 {[%emt 0:01:49]} 14. fxe5 {[%emt 0:00:33]} O-O {[%emt 0:00:03]} 15. Bxh7+ {[%emt 0:25:15]} Kxh7 {[%emt 0:00:20]} 16. Qe4+ {[%emt 0:00:23]} Kg8 {[%emt 0:00:36]} 17. Qxb4 {[%emt 0:00:12]} dxe5 {[%emt 0:01:11]} 18. Bc5 {[%emt 0:00:21]} Bxc5+ {[%emt 0:04:00]} 19. Qxc5 {[%emt 0:00:54]} Qxc5+ {[%emt 0:00:46]} 20. Nxc5 {[%emt 0:00:02]} Bg4 {[%emt 0:01:12]} 21. h3 {[%emt 0:05:05]} Bh5 {[%emt 0:05:13]} 22. Rf5 {[%emt 0:02:31]} Bg6 {[%emt 0:00:54]} 23. Rxe5 {[%emt 0:00:09]} b6 {[%emt 0:06:45]} 24. Nb3 {[%emt 0:14:01]} Rfd8 {[%emt 0:05:34]} 25. c4 {[%emt 0:15:55]} b5 {[%emt 0:01:20]} 26. cxb5 {[%emt 0:02:08]} f6 {[%emt 0:02:28]} 27. Re7 {[%emt 0:02:45]} axb5 {[%emt 0:01:18]} 28. Rc1 {[%emt 0:05:27]} Rxd5 {[%emt 0:14:38]} 29. Rcc7 {[%emt 0:00:05]} Bb1 {[%emt 0:00:02]} 30. Rxg7+ {[%emt 0:00:32]} Kh8 {[%emt 0:00:02]} 31. a3 {[%emt 0:03:08]} Ba2 {[%emt 0:00:12]} 32. Rh7+ {[%emt 0:02:19]} Kg8 {[%emt 0:00:02]} 33. Rcg7+ {[%emt 0:00:44]} Kf8 {[%emt 0:00:07]} 34. Rg3 {[%emt 0:00:14]} Ra4 {[%emt 0:01:35]} 35. Kh2 {[%emt 0:01:59]} Rc4 {[%emt 0:00:31]} 36. Na5 {[%emt 0:04:27]} Rc2 {[%emt 0:01:59]} 37. h4 {[%emt 0:04:58]} Rd1 {[%emt 0:01:46]} 38. b3 {[%emt 0:01:30]} Bb1 {[%emt 0:01:51]} 39. Rb7 {[%emt 0:01:20]} Rcc1 {[%emt 0:01:47]} 40. Rf3 {[%emt 0:00:00]} f5 {[%emt 0:00:00]} 41. Rxb5 {[%emt 0:00:00]} Be4 {[%emt 0:00:00]} 42. Rf2 {[%emt 0:00:00]} Rh1+ {[%emt 0:00:00]} 43. Kg3 {[%emt 0:00:00]} Rc3+ {[%emt 0:00:00]} 44. Kf4 {[%emt 0:00:00]} Rxh4+ {[%emt 0:00:00]} 45. Kg5 {[%emt 0:00:00]} Rh2 {[%emt 0:00:00]} 46. Nc4 {[%emt 0:00:00]} Ke7 {[%emt 0:00:00]} 47. Re5+ {[%emt 0:00:00]} Kd7 {[%emt 0:00:00]} 48. Rd2+ {[%emt 0:00:00]} Kc8 {[%emt 0:00:00]} 49. Re8+ {[%emt 0:00:00]} 1-0

[Event "47th GRE-chT 2019"]
[Site "Patra"]
[Date "2019.07.06"]
[Round "7.5"]
[White "Kantane, Anna"]
[Black "Salahidou, Reveka"]
[Result "1-0"]
[WhiteElo "2288"]
[BlackElo "1971"]
[Annotator "NA"]
[PlyCount "67"]
[EventDate "2019.07.02"]
[EventCountry "GRE"]
[SourceTitle "playchess.com"]
[Source "ChessBase"]
[SourceQuality "1"]
[TimeControl "5400+30"]

1. e4 {[%emt 0:00:54]} c5 {[%emt 0:00:00]} 2. Nf3 {[%emt 0:00:10]} e6 {[%emt 0:00:00]} 3. d4 {[%emt 0:00:07]} cxd4 {[%emt 0:00:00]} 4. Nxd4 {[%emt 0:00:09]} a6 {[%emt 0:00:00]} 5. c4 {[%emt 0:00:10]} Nf6 {[%emt 0:00:00]} 6. Nc3 {[%emt 0:00:10]} Qc7 {[%emt 0:00:00]} 7. a3 {[%emt 0:00:11]} b6 {[%emt 0:00:01]} 8. Be3 {[%emt 0:00:28]} Bb7 {[%emt 0:00:07]} 9. f3 {[%emt 0:00:07]} d6 {[%emt 0:00:28]} 10. Be2 {[%emt 0:00:08]} Be7 {[%emt 0:00:04]} 11. O-O {[%emt 0:00:10]} O-O {[%emt 0:00:38]} 12. Qd2 {[%emt 0:00:09]} Nbd7 {[%emt 0:00:11]} 13. Rfc1 {[%emt 0:00:12]} Rac8 {[%emt 0:02:27]} 14. a4 {[%emt 0:00:11]} Bd8 {[%emt 0:18:47]} 15. a5 {[%emt 0:15:05]} Qb8 {[%emt 0:09:38]} 16. axb6 {[%emt 0:00:15]} Bxb6 {[%emt 0:00:38]} 17. b4 {[%emt 0:00:23]} Bc7 {[%emt 0:02:12]} 18. b5 {[%emt 0:23:35]} a5 {[%emt 0:03:11]} 19. Nc6 {[%emt 0:05:57]} Bxc6 {[%emt 0:00:21]} 20. bxc6 {[%emt 0:00:08]} Nc5 {[%emt 0:00:04]} 21. Rcb1 {[%emt 0:05:16]} Qa8 {[%emt 0:11:42]} 22. e5 {[%emt 0:08:34]} Ne8 {[%emt 0:02:55]} 23. Nb5 {[%emt 0:00:40]} Qxc6 {[%emt 0:15:36]} 24. Na7 {[%emt 0:00:55]} Qa8 {[%emt 0:00:20]} 25. Nxc8 {[%emt 0:01:34]} Qxc8 {[%emt 0:00:05]} 26. exd6 {[%emt 0:05:09]} Bxd6 {[%emt 0:00:40]} 27. Qxa5 {[%emt 0:00:36]} Nf6 {[%emt 0:05:33]} 28. Rb6 {[%emt 0:05:20]} Be7 {[%emt 0:05:34]} 29. Qb5 {[%emt 0:02:31]} Ncd7 {[%emt 0:01:17]} 30. Rc6 {[%emt 0:02:26]} Qe8 {[%emt 0:01:57]} 31. Ra7 {[%emt 0:04:08]} Ne5 {[%emt 0:06:38]} 32. Qxe5 {[%emt 0:06:14]} Qxc6 {[%emt 0:00:07]} 33. Rxe7 {[%emt 0:00:22]} Nd7 {[%emt 0:00:04]} 34. Qb5 {[%emt 0:01:54]} 1-0